British History Quiz #5 (Tudors) - Statistics

General Stats
  • This quiz has been taken 947 times
    370 since last reset
  • The average score is 10 of 15
Answer Stats
Hint Answer % Correct
From which religious organisation did Henry VIII break from Catholic Church
95%
From which area of Spain was Henry VIII's first wife from Aragon
91%
Who was the First Tudor king Henry VII
87%
Who was the sixth wife of Henry VIII Catherine Parr
76%
Who was the first English man to circumnavigate the globe Francis Drake
75%
Who was only queen for nine days Lady Jane Grey
74%
Who is credited from bringing tobacco to England Walter Raleigh
68%
Who Married Mary I of England Philip II
60%
Who was the eldest son of the above Arthur
58%
What was the most common punishment for men who committed acts of heresy during the reign of Mary I and other Tudor monarchs Burnt at the stake
56%
Which of Henry VIII's advisors was executed in 1540 after being a key figure in Henry's marriage to Anne of Cleves Thomas Cromwell
55%
Which group of people, who were bound to a piece of land in service of their lord, were freed by Elizabeth I Serfs
50%
Which body of advisors to the monarch have a name which can also refer to an outside toilet Privy Council
44%
Which palace in London was built by Cardinal Wolsey Hampton court
39%
Which ship formerly the pride of the fleet is currently being maintained in Plymouth Mary Rose
32%
No matching quizzes found
Score Distribution
Percent of People with Each Score
Percentile by Number Answered
Your Score History
You have not taken this quiz since the last reset